[Event "Sportaccord WMG Blitz"]
[Site "Beijing CHN"]
[Date "2011.12.13"]
[Round "15"]
[White "Nielsen,PH"]
[Black "Vallejo Pons,F"]
[Result "0-1"]
[WhiteElo "2693"]
[BlackElo "2705"]

1.d4 d5 2.c4 c6 3.Nf3 Nf6 4.Nc3 dxc4 5.a4 Bf5 6.Ne5 Nbd7 7.Nxc4 Qc7 8.g3 e5
9.dxe5 Nxe5 10.Bf4 Nfd7 11.Bg2 f6 12.O-O O-O-O 13.Rc1 Nc5 14.Qe1 a5 15.Nb5 cxb5
16.axb5 b6 17.b4 axb4 18.Qxb4 Be6 19.Bxe5 fxe5 20.Ra1 Rd4 21.Bc6 Kd8 22.Rfd1 Ke7
23.Ra8 g6 24.Nxb6 Kf7 25.Nd5  0-1

[Event "North American Open"]
[Site "Las Vegas USA"]
[Date "2011.12.29"]
[Round "6"]
[White "Mitkov,N1"]
[Black "Vallejo Pons,F"]
[Result "0-1"]
[WhiteElo "2513"]
[BlackElo "2705"]

1.e4 e6 2.d4 d5 3.Nc3 Bb4 4.Ne2 Nc6 5.a3 Ba5 6.b4 Bb6 7.Na4 dxe4 8.c3 f5
9.Ng3 e5 10.Bb2 exd4 11.Nxb6 axb6 12.cxd4 Nf6 13.Bc4 Nd5 14.Nxe4 O-O 15.Qh5 h6
16.O-O Be6 17.Ng3 f4 18.Ne4 Qd7 19.Rfe1 Rad8 20.Rac1 Nce7 21.Nc3 c6 22.b5 Bg4
23.Qe5 Ng6 24.Qe4 Kh7 25.Qc2 Bf5 26.Bd3 f3 27.bxc6 bxc6 28.Nxd5 cxd5 29.Bxf5 Rxf5
30.Re3 Rdf8 31.Qc7 Qxc7 32.Rxc7 fxg2 33.f3 Nh4 34.Rcc3 g5 35.h3 b5 36.Rb3 Rxf3
37.Rxf3 Rxf3 38.Rxf3 Nxf3+ 39.Kxg2 Nd2 40.Bc1 Nc4 41.Kf3 Kg6  0-1

[Event "11th Aeroflot Open A"]
[Site "Moscow RUS"]
[Date "2012.02.07"]
[Round "1"]
[White "Popov,Iv RUS"]
[Black "Vallejo Pons,F"]
[Result "1/2-1/2"]
[WhiteElo "2599"]
[BlackElo "2705"]

1.e4 e6 2.d4 d5 3.Nc3 Nf6 4.Bg5 Bb4 5.e5 h6 6.Bc1 Ne4 7.Qg4 Kf8 8.Ne2 Nxc3
9.bxc3 Ba5 10.Ba3+ Kg8 11.h4 Nc6 12.Rh3 h5 13.Qf4 Bd7 14.Rg3 Rh7 15.Nc1 Ne7
16.Bxe7 Qxe7 17.Nb3 Bb6 18.Bd3 g6 19.a4 c6 20.a5 Bd8 21.Rh3 Be8 22.Kf1 Rb8
23.c4 b6  1/2-1/2

[Event "13th EICC"]
[Site "Plovdiv BUL"]
[Date "2012.03.20"]
[Round "1.21"]
[White "Rombaldoni,Ax"]
[Black "Vallejo Pons,F"]
[Result "1/2-1/2"]
[WhiteElo "2464"]
[BlackElo "2693"]

1.e4 e6 2.d4 d5 3.e5 c5 4.c3 Nc6 5.Nf3 Qb6 6.a3 c4 7.Nbd2 Na5 8.g3 Bd7 9.Bg2 h6
10.h4 O-O-O 11.O-O f5 12.exf6 gxf6 13.Rb1 h5 14.Re1 Ne7 15.Qe2 Nec6 16.b4 cxb3
17.c4 Qa6 18.Bf1 Kb8 19.Nxb3 dxc4 20.Nbd2 Bd6 21.Ne4 Be7 22.Bf4+ Ka8 23.Nc3 Nb3
24.Qe3 Nca5 25.a4 Bb4 26.Nd2 Bxa4 27.Bc7 Rc8 28.Bxa5 Qxa5 29.Nxc4 Rxc4 30.Nxa4 Bxe1
31.Bxc4 Nd2 32.Ra1 Nxc4 33.Qxe6 Bc3 34.Ra2 Qb4 35.Qxc4 Qxc4 36.Nb6+ Kb8 37.Nxc4 Bxd4
38.Rd2 Bc5 39.Rd7 b5 40.Na5 Rc8 41.Rb7+ Ka8 42.Rxb5 a6 43.Rb3 Bd4 44.Rd3 Bc3
45.Rd5 Ka7 46.Rxh5 Kb6 47.Nb3 a5 48.Nxa5 Bxa5 49.Rf5 Bc3 50.g4 Kc6 51.g5 Kd6
52.gxf6 Ke6 53.Rf3 Bxf6 54.h5 Rh8 55.Rh3 Kf5 56.Kg2 Bg5 57.Kf3 Rh6 58.Rh1 Ra6
59.Rb1 Ra3+ 60.Kg2 Kg4 61.Rb5 Ra4 62.Rc5 Kxh5 63.Kg3 Rg4+ 64.Kh3 Rf4 65.Kg3 Rf6
66.Ra5 Kg6 67.Rc5 Bd2 68.Rc2 Bf4+ 69.Kg2 Kf5 70.Kf3 Be5 71.Rc5 Ke6+ 72.Ke3 Rf8
73.Rb5 Bb8 74.Rb7 Kd5 75.Ke2 Be5 76.Rb3 Ra8 77.Rf3 Ke4 78.Rf7 Ra6 79.Kf1 Bf4
80.Rb7 Be5 81.Rf7 Rg6 82.Rf8 Rg7 83.Ke2 Rg1 84.Rf7 Rc1 85.Rf8 Bc3 86.Re8+ Kf4
87.Rf8+ Kg4 88.Rg8+ Kh3 89.Rc8 Re1+ 90.Kf3 Bf6 91.Rc6 Bh4 92.Rc3 Rf1 93.Kf4+ Kg2
94.f3 Kh3 95.Kf5 Bg3 96.Kg5 Rf2 97.Rb3 Kg2 98.Kg4 Bd6 99.Rd3 Bh2 100.Ra3 Bb8
101.Rb3 Bc7 102.Rc3 Ba5 103.Ra3 Bd2 104.Ra1 Be3 105.Kf5 Kxf3 106.Ra5 Rh2
107.Rd5 Rh4 108.Re5 Bd4 109.Rd5 Rh5+ 110.Ke6 Rh6+ 111.Kd7 Ke4 112.Rd6 Rh7+
113.Kc6 Be5 114.Rd7 Rh6+ 115.Kb5 Rh1 116.Kc5 Rc1+ 117.Kb5 Rc8 118.Rb7 Kd5
119.Rd7+ Bd6 120.Rb7 Rc5+ 121.Kb6 Rc1 122.Kb5 Bc7 123.Ka6 Kc6 124.Rb6+ Kd7
125.Rb5 Kc8 126.Rh5 Rb1 127.Rc5 Rb4 128.Rc6 Kd7 129.Rc5 Rb2 130.Rb5 Rc2 131.Rb3 Rc5
132.Rb5 Rc6+ 133.Kb7 Bd6 134.Rb6 Rc7+ 135.Ka6 Rc8 136.Kb5 Rc1 137.Rb7+ Bc7
138.Ra7 Ke6 139.Rb7 Kd5 140.Ka6 Kc6 141.Rb6+ Kd7 142.Rb5 Kc8 143.Rh5 Rb1
144.Rc5 Rb4 145.Rc6 Rb2 146.Rc5 Rb6+ 147.Ka5 Kd7 148.Rb5 Rc6+ 149.Kb4 Rc1
150.Kb3 Kc6 151.Rf5 Bb6 152.Rf6+ Kd5 153.Kb2 Be3 154.Rf3 Re1 155.Kc3 Ke4
156.Rf7 Bd4+  1/2-1/2

[Event "13th EICC"]
[Site "Plovdiv BUL"]
[Date "2012.03.21"]
[Round "2.76"]
[White "Vallejo Pons,F"]
[Black "Nigalidze,G"]
[Result "1-0"]
[WhiteElo "2693"]
[BlackElo "2472"]

1.e4 c5 2.Nf3 Nc6 3.d4 cxd4 4.Nxd4 Nf6 5.Nc3 e5 6.Ndb5 d6 7.Bg5 a6 8.Na3 b5
9.Bxf6 gxf6 10.Nd5 Bg7 11.c3 f5 12.exf5 Bxf5 13.Nc2 O-O 14.Nce3 Be6 15.Bd3 f5
16.O-O Ra7 17.a4 Ne7 18.Nxe7+ Rxe7 19.axb5 axb5 20.Bxb5 d5 21.Ra6 Kh8 22.Qa4 f4
23.Nc2 Bc8 24.Ra8 Re6 25.Ra1 Rg6 26.Ba6 Qg5 27.Ne1 Bxa6 28.Rxa6 Rxa6 29.Qxa6 f3
30.Nxf3 Qf4 31.Qe2 e4 32.Nd4 Be5 33.g3 Qf6 34.Ra6  1-0

[Event "13th EICC"]
[Site "Plovdiv BUL"]
[Date "2012.03.22"]
[Round "3.28"]
[White "Swiercz,D"]
[Black "Vallejo Pons,F"]
[Result "1/2-1/2"]
[WhiteElo "2565"]
[BlackElo "2693"]

1.e4 e6 2.d4 d5 3.Nd2 Nf6 4.e5 Nfd7 5.c3 c5 6.f4 Nc6 7.Ndf3 Qb6 8.a3 cxd4
9.cxd4 Na5 10.Ne2 Qb3 11.Qd2 Nc4 12.Qc3 Qxc3+ 13.Nxc3 a6 14.b3 Na5 15.Rb1 Nb6
16.Bd3 Bd7 17.Na2 Nc6 18.a4 Be7 19.Ke2 f6 20.Be3 O-O 21.h4 h5 22.Rhg1 Be8
23.g3 Rc8 24.Rg2 Rc7 25.Rgg1 Bf7 26.Rgc1 Rfc8 27.Rc3 Kf8 28.Rbc1 Bd8 29.Bd2 Ke8
30.R3c2 Kd7 31.Nb4 Ne7 32.Rxc7+ Rxc7 33.Rxc7+ Bxc7 34.Nc2 Nc6 35.Nb4 Ne7
36.Nc2 Bg6 37.Bxg6 Nxg6 38.Ne3 Nc8 39.f5 Nge7 40.exf6 gxf6 41.g4 hxg4 42.Nxg4 Nxf5
43.Nxf6+ Ke7 44.Bg5 Kf7 45.Nd7 b5 46.axb5 axb5 47.Kd3 Kg6 48.Nf8+ Kf7 49.Nd7 Kg6
50.Nc5 Ng7 51.Bd2 Ne7 52.Ng5 Kf5  1/2-1/2

[Event "13th EICC"]
[Site "Plovdiv BUL"]
[Date "2012.03.23"]
[Round "4.32"]
[White "Vallejo Pons,F"]
[Black "Nabaty,T"]
[Result "1-0"]
[WhiteElo "2693"]
[BlackElo "2559"]

1.d4 d5 2.c4 dxc4 3.e3 e5 4.Bxc4 exd4 5.exd4 Bd6 6.Nf3 Nf6 7.Qe2+ Qe7 8.Qxe7+ Kxe7
9.O-O Be6 10.Re1 Kd7 11.Ne5+ Bxe5 12.dxe5 Bxc4 13.exf6 gxf6 14.Nc3 c5 15.Bf4 Nc6
16.Red1+ Ke6 17.b3 Ba6 18.Rd6+ Kf5 19.Nd5 Nd4 20.Rxf6+ Ke4 21.f3+ Kd3 22.Rd1+ Kc2
23.Rd2+ Kb1 24.Nc3+ Ka1 25.a4  1-0

[Event "13th EICC"]
[Site "Plovdiv BUL"]
[Date "2012.03.25"]
[Round "6.8"]
[White "Vallejo Pons,F"]
[Black "Lenic,L"]
[Result "1/2-1/2"]
[WhiteElo "2693"]
[BlackElo "2637"]

1.Nf3 Nf6 2.c4 e6 3.Nc3 d5 4.d4 c6 5.Bg5 h6 6.Bh4 Be7 7.e3 Nbd7 8.Bd3 b6
9.cxd5 Nxd5 10.Nxd5 exd5 11.Bxe7 Qxe7 12.O-O O-O 13.Qa4 Bb7 14.Rac1 a5 15.Qa3 Qe6
16.Rc2 Rfc8 17.Rfc1 Rc7 18.h3 Rac8 19.Be2 Qf6 20.Ne1 c5 21.dxc5 Rxc5 22.Bg4 Rxc2
23.Rxc2 Rxc2 24.Nxc2 Nc5 25.Nd4 Qg6 26.Bf5 Qd6 27.Bc2 g6 28.Qc3 Ne4 29.Qe1 Ng5
30.Qc3 Ne4 31.Qe1 Ng5 32.Qd1 Ne4 33.a3 Qf6 34.Qe1 Qd6 35.Qe2 h5 36.Qb5 Kf8
37.Qe2 Qf6 38.Bd3 Nc5 39.Qc2 Ne6 40.Nxe6+ Qxe6 41.Qc3 Qd6 42.f4 Bc6 43.f5 Be8
44.f6 Bd7 45.Qd4 Be6 46.b4 axb4 47.axb4 Ke8 48.e4 Qc6 49.Kf2 Kd7 50.Be2  1/2-1/2

[Event "XXV Torneo Magistral Leon"]
[Site "Leon ESP"]
[Date "2012.06.08"]
[Round "2"]
[White "Topalov,V"]
[Black "Vallejo Pons,F"]
[Result "0-1"]
[WhiteElo "2752"]
[BlackElo "2697"]

1.e4 e6 2.d4 d5 3.Nc3 Nf6 4.Bg5 Bb4 5.e5 h6 6.Bc1 Ne4 7.Qg4 g6 8.Ne2 Nxc3
9.bxc3 Ba5 10.Ba3 Nd7 11.h4 Nb6 12.Bb4 Bxb4 13.cxb4 Qe7 14.a3 a5 15.b5 Nc4
16.Qf3 Bd7 17.a4 Qb4+ 18.Nc3 Na3 19.Qd3 Rc8 20.Be2 c5 21.O-O cxd4 22.Nxd5 exd5
23.Rxa3 Bf5 24.Qg3 Rxc2 25.Rb3 Qxa4 26.Bd1 Rc1 27.e6 O-O 28.exf7+ Rxf7 29.h5 g5
30.Rb1 Qc4 31.Rxc1 Qxc1 32.Bb3 Qc5 33.Qe5 Be4 34.f3 d3+ 35.Kh2 d2 36.Rd1 Bxf3
37.Rxd2 Be4 38.Bxd5 Bxd5 39.Rxd5 Qe7 40.Qb8+ Rf8 41.Qg3 Rf4 42.Qd3 Rh4+  0-1

[Event "12th Valle del Chiese Open"]
[Site "Condino ITA"]
[Date "2012.07.22"]
[Round "1"]
[White "De Paoli,E"]
[Black "Vallejo Pons,F"]
[Result "0-1"]
[WhiteElo "1851"]
[BlackElo "2697"]

1.e4 c5 2.Nf3 e6 3.c3 d5 4.e5 Nc6 5.d4 Qb6 6.Qb3 Qc7 7.Na3 a6 8.Be3 Nh6 9.Bxh6 gxh6
10.Rc1 Qa5 11.Be2 cxd4 12.O-O dxc3 13.Rxc3 Bg7 14.Qc2 Bd7 15.b4 Qd8 16.Re1 Rc8
17.b5 Nxe5 18.Rxc8 Qxc8 19.bxa6 bxa6 20.Qd2 Nxf3+ 21.Bxf3 Bc3 22.Qe3 d4 23.Qe2 Bxe1
24.Qxe1 Qc3 25.Qd1 Qxa3 26.h3 Rg8 27.g3 Rg5 28.Qe2 Qc1+ 29.Kh2 Rf5 30.Bg4 Bb5  0-1

[Event "12th Valle del Chiese Open"]
[Site "Condino ITA"]
[Date "2012.07.22"]
[Round "2"]
[White "Vallejo Pons,F"]
[Black "Barucco,M"]
[Result "1-0"]
[WhiteElo "2697"]
[BlackElo "2000"]

1.e4 c6 2.Nc3 d5 3.Nf3 Bg4 4.h3 Bxf3 5.Qxf3 Nf6 6.d3 e6 7.Bd2 Bb4 8.a3 Be7
9.g4 Qb6 10.Ra2 Na6 11.g5 Nd7 12.h4 Qc7 13.Bg2 dxe4 14.Nxe4 Ndc5 15.Nc3 Nd7
16.Ra1 Nb6 17.Ne2 Qd7 18.Bc3 Bf8 19.b3 Nc7 20.Bb2 Ncd5 21.Ng3 Ne7 22.Kf1 Qd5
23.Qf4 Ng6 24.Qe3 Qd7 25.h5 Ne7 26.h6 Rg8 27.hxg7 Bxg7 28.Bxg7 Rxg7 29.Nh5 Ned5
30.Nxg7+  1-0

[Event "12th Valle del Chiese Open"]
[Site "Condino ITA"]
[Date "2012.07.24"]
[Round "3"]
[White "Panjkovic,A"]
[Black "Vallejo Pons,F"]
[Result "0-1"]
[WhiteElo "2163"]
[BlackElo "2697"]

1.e4 c5 2.Nc3 e6 3.f4 a6 4.Nf3 Nc6 5.d3 d5 6.g3 g6 7.Bg2 Bg7 8.O-O Nge7 9.Rb1 O-O
10.Bd2 b6 11.Ne2 a5 12.Bc3 f6 13.a4 Ba6 14.Re1 Qd7 15.g4 e5 16.f5 dxe4 17.dxe4 Nd4
18.Bxd4 cxd4 19.c3 d3 20.Qb3+ Kh8 21.Rbd1 b5 22.Nc1 bxa4 23.Qa3 Rg8 24.Nxd3 Bxd3
25.Re3 Qa7 26.Rxd3 gxf5 27.Kh1 Ng6 28.c4 fxg4 29.Ne1 Bh6 30.Rg3 Nf4 31.Rd1 Bf8
32.Qxa4 Ne2 33.Nd3 Nxg3+ 34.hxg3 Rg6 35.Bf1 Qe3  0-1

[Event "12th Valle del Chiese Open"]
[Site "Condino ITA"]
[Date "2012.07.25"]
[Round "4"]
[White "Vallejo Pons,F"]
[Black "De Santis,A"]
[Result "1-0"]
[WhiteElo "2697"]
[BlackElo "2349"]

1.e4 b6 2.d4 Bb7 3.Bd3 Nf6 4.Nc3 e6 5.Nge2 d5 6.e5 Ne4 7.Nf4 c5 8.Bxe4 dxe4
9.d5 exd5 10.Nfxd5 Be7 11.Be3 Bxd5 12.Qxd5 Qxd5 13.Nxd5 Bd8 14.O-O-O O-O
15.Rhe1 Nc6 16.Bf4 Re8 17.g4 Nxe5 18.Rxe4 f6 19.h3 Rf8 20.Bg3 Nf7 21.Re3 b5
22.a3 c4 23.h4 a6 24.Re6 h5 25.gxh5 Kh7 26.Ne3 Ne5 27.h6 Ra7 28.hxg7 Kxg7
29.Rdd6 a5 30.Nf5+ Kh7 31.Bxe5 fxe5 32.Rh6+ Kg8 33.Rdg6+  1-0

[Event "12th Valle del Chiese Open"]
[Site "Condino ITA"]
[Date "2012.07.26"]
[Round "5"]
[White "Medancic,R"]
[Black "Vallejo Pons,F"]
[Result "0-1"]
[WhiteElo "2223"]
[BlackElo "2697"]

1.c4 f5 2.g3 Nf6 3.Bg2 g6 4.Nc3 Bg7 5.b3 O-O 6.Bb2 d6 7.e3 e5 8.Nge2 c6 9.d3 Na6
10.Qd2 Be6 11.O-O d5 12.Rfd1 d4 13.exd4 exd4 14.Na4 Nh5 15.Ba3 Rf7 16.Nf4 Nxf4
17.Qxf4 g5 18.Qd2 f4 19.Re1 Qd7 20.Qe2 Bg4 21.f3 Bf5 22.Bc1 Qd6 23.gxf4 gxf4
24.Nb2 Nc7 25.Bd2 Re8 26.Qf2 Re3 27.Bf1 Rfe7 28.a4 Ne6 29.a5 Ng5 30.Bxe3 dxe3
31.Qe2 Bxb2 32.Qxb2 Nxf3+ 33.Kh1 Nxe1 34.Rxe1 f3  0-1

[Event "12th Valle del Chiese Open"]
[Site "Condino ITA"]
[Date "2012.07.27"]
[Round "6"]
[White "Vallejo Pons,F"]
[Black "Brun,D"]
[Result "1-0"]
[WhiteElo "2697"]
[BlackElo "2262"]

1.d4 d5 2.c4 c6 3.Nf3 Nf6 4.e3 e6 5.Bd3 dxc4 6.Bxc4 Nbd7 7.O-O Bd6 8.Bb3 O-O
9.Nbd2 b6 10.e4 Be7 11.Qe2 Bb7 12.e5 Nd5 13.Ne4 c5 14.dxc5 Nxc5 15.Nxc5 Bxc5
16.Qe4 Be7 17.Qg4 Kh8 18.Rd1 Qe8 19.Qh3 Nb4 20.Ng5 Bxg5 21.Bxg5 Bd5 22.Rd4 f6
23.exf6 gxf6 24.Bxf6+ Rxf6 25.Rxb4 Bb7 26.Bc2 Qe7 27.Bxh7 Qxb4 28.Bg6+  1-0

[Event "12th Valle del Chiese Open"]
[Site "Condino ITA"]
[Date "2012.07.28"]
[Round "7"]
[White "Marguerettaz,D"]
[Black "Vallejo Pons,F"]
[Result "0-1"]
[WhiteElo "2214"]
[BlackElo "2697"]

1.d4 Nf6 2.Nf3 e6 3.Bf4 b6 4.e3 Bb7 5.Bd3 d6 6.c4 g6 7.Nc3 Bg7 8.h3 O-O 9.O-O Nbd7
10.Bh2 Re8 11.e4 e5 12.d5 a5 13.a3 Nh5 14.b4 Rf8 15.Bc2 Ba6 16.Nd2 Bh6 17.Nb5 axb4
18.axb4 Bxb5 19.Rxa8 Qxa8 20.cxb5 Qa3 21.Nf3 Qxb4 22.Qa1 Nc5 23.Qa7 Rc8  0-1

[Event "CECLUB Div1 Final Ascenso 2012"]
[Site "Don Benito ESP"]
[Date "2012.08.04"]
[Round "1.1"]
[White "Vallejo Pons,F"]
[Black "Illescas Cordoba,M"]
[Result "1/2-1/2"]
[WhiteElo "2697"]
[BlackElo "2601"]

1.e4 c6 2.Nf3 d5 3.Nc3 Bg4 4.h3 Bxf3 5.Qxf3 e6 6.d4 dxe4 7.Qxe4 Nf6 8.Qd3 Nd5
9.a3 Be7 10.Ne2 O-O 11.g3 Nd7 12.Bg2 e5 13.O-O exd4 14.Nxd4 Bf6 15.Nf5 Ne5
16.Qb3 Ne7 17.Nxe7+ Qxe7 18.a4 Qc7 19.Be3 b6 20.Rfe1 Rfe8 21.Bf4 Re7 22.Re2 Rae8
23.Rae1 Qc8 24.Re4 Ng6 25.Rxe7 Rxe7 26.Rxe7 Nxe7 27.c3 Ng6 28.Be3 Ne5 29.Qc2 Nc4
30.Bc1 Qe6 31.Qe4 Qxe4 32.Bxe4 c5 33.Kf1 h6 34.Bd5 Nd6 35.Bf4 Be7 36.Ke2 Kf8
37.Kd3 Ke8 38.Be3 Kd7 39.b4 cxb4 40.cxb4 Bg5 41.Bd4 Bf6 42.Be3 Bg5 43.f4 Bd8
44.g4 g5 45.Ke2 f5 46.Kf3 gxf4 47.Bxf4 Bg5 48.gxf5 Nxf5 49.Bxg5 hxg5 50.Ke4 Ne7
51.Ke5 Ng6+ 52.Kf6 Nf4 53.Bf3 Ke8 54.Bg4 Nd5+ 55.Kxg5 Kf7 56.h4 Nxb4 57.h5 Kg7
58.h6+  1/2-1/2

[Event "CECLUB Div1 Final Ascenso 2012"]
[Site "Don Benito ESP"]
[Date "2012.08.05"]
[Round "2.1"]
[White "Vallejo Pons,F"]
[Black "Rakhmanov,Ale"]
[Result "1/2-1/2"]
[WhiteElo "2697"]
[BlackElo "2588"]

1.e4 e6 2.d4 d5 3.Nc3 Nf6 4.Bg5 Be7 5.e5 Nfd7 6.h4 Nc6 7.Qd2 h6 8.Bxe7 Qxe7
9.Nge2 Nb6 10.Nf4 Bd7 11.O-O-O O-O-O 12.Rh3 Kb8 13.b3 Be8 14.Re1 Rc8 15.Kb1 Qb4
16.Rd1 Qe7 17.Be2 a6 18.Rg3 g6 19.Rh3 Qb4 20.Bf1 Qe7 21.Re1 Qb4 22.Rd1 Qe7
23.Kb2 Rf8 24.Qe3 Na5 25.Qe1 Nc6 26.Kb1 Qa3 27.Nce2 Na7 28.Nd3 Qe7 29.Qb4 Qxb4
30.Nxb4 c5 31.dxc5 Nd7 32.Nd3 Nxc5 33.Nxc5 Rxc5 34.a4 Nc6 35.Re3 a5 36.Kb2 Ne7
37.g4 Rh8 38.Nd4 h5 39.g5 Nc6 40.Nb5 Ne7 41.Nd4 Nc6 42.Nf3 Ne7 43.Bd3 Bd7
44.Nd4 Rhc8 45.Rf3  1/2-1/2

[Event "40th Olympiad Open"]
[Site "Istanbul TUR"]
[Date "2012.08.31"]
[Round "4.17"]
[White "Al Zendani,Z"]
[Black "Vallejo Pons,F"]
[Result "0-1"]
[WhiteElo "2363"]
[BlackElo "2697"]

1.d4 d6 2.g3 g6 3.Bg2 Bg7 4.Nf3 f5 5.c4 Nf6 6.Nc3 O-O 7.O-O c6 8.d5 e5 9.dxe6 Bxe6
10.Qd3 Qe7 11.Bf4 d5 12.cxd5 Bxd5 13.Nxd5 Nxd5 14.Bg5 Qf7 15.Qd2 Re8 16.Rac1 Na6
17.Rfd1 Nf6 18.Bxf6 Bxf6 19.a3 Nc7 20.e3 a5 21.Qc2 Red8 22.Bf1 Kg7 23.Rxd8 Rxd8
24.Rb1 Qd5 25.Be2 Qe4 26.Rc1 Nd5 27.Qb3 Rd7 28.Nd2 Qe7 29.Nf1 a4 30.Qc2 Qe5
31.Rb1 Nb6 32.Nd2 Qd5 33.Nc4 Nxc4 34.Bxc4 Qd2 35.Qxd2 Rxd2 36.b3 b5 37.Bf1 b4
38.bxa4 bxa3 39.Rb7+ Kh6 40.Bc4 a2 41.Bxa2 Rxa2 42.Rc7 Bc3 43.Kf1 Ra1+ 44.Ke2 Rxa4
45.Rxc6 Ra2+ 46.Kf1 Bb4 47.h4 Ra7 48.Rc2 Kg7 49.Kg2 Kf7 50.Kf3 Bd6 51.Rd2 Ke6
52.Re2 Rb7 53.Ra2 Rc7 54.Rb2 Rc4 55.Ra2 Bb4 56.Rb2 Kd5 57.Re2 Rc1 58.Ra2 Rc7
59.Re2 Bc3 60.Ra2 Rb7 61.Rc2 Rb3 62.Kf4 h6 63.Kf3 Ke5 64.g4 h5 65.gxh5 gxh5
66.Rc1 Bb4 67.Rg1 Rb2 68.Rg5 Kf6 69.Rxh5 Be1 70.e4 Rxf2+ 71.Ke3 f4+ 72.Kd3 Rd2+
73.Kc4 Ke6 74.Rf5 Rc2+ 75.Kd4 Bd2 76.Kd3 Ra2 77.h5 Be3 78.h6 Rd2+ 79.Kc3 Rh2
80.Kd3 Rxh6 81.Ra5 Bb6 82.Rb5 Rh3+ 83.Kc4 Bg1 84.Rf5 f3 85.Kd3 Ba7 86.Rf8 f2+  0-1

[Event "5th Final Masters"]
[Site "Sao Paulo/Bilbao BRA/ESP"]
[Date "2012.10.09"]
[Round "7"]
[White "Carlsen,M"]
[Black "Vallejo Pons,F"]
[Result "1-0"]
[WhiteElo "2843"]
[BlackElo "2697"]

1.e4 e6 2.d4 d5 3.Nc3 Bb4 4.exd5 exd5 5.Bd3 Nf6 6.Ne2 Bg4 7.O-O O-O 8.f3 Bh5
9.Nf4 Bg6 10.Nxg6 hxg6 11.Ne2 Re8 12.Bg5 Be7 13.Ng3 Nbd7 14.f4 Nh7 15.Qf3 c6
16.h4 Ndf8 17.Rae1 Qc7 18.Bxe7 Rxe7 19.Re5 f6 20.Rxe7 Qxe7 21.h5 gxh5 22.Qxh5 Qf7
23.Qg4 g6 24.Nf5 Kh8 25.Nh4 f5 26.Qh3 Qe6 27.Kf2 Re8 28.Nf3 Re7 29.Ne5 Nd7
30.Rh1 Nxe5 31.dxe5 c5 32.b3 c4 33.bxc4 dxc4 34.Be2 g5 35.g3 Qb6+ 36.Kg2 Qe3
37.Kf1 Rf7 38.Qh5 Qxg3 39.Qxf7 Qxf4+ 40.Kg2 Qe4+ 41.Bf3 Qxc2+ 42.Kg3 f4+  1-0

[Event "TCh-CAT Div Hon 2013"]
[Site "Catalonia ESP"]
[Date "2013.01.19"]
[Round "1.1"]
[White "Vallejo Pons,F"]
[Black "Alsina Leal,D"]
[Result "1-0"]
[WhiteElo "2694"]
[BlackElo "2511"]

1.e4 c6 2.Nc3 d5 3.Nf3 Bg4 4.d4 e6 5.h3 Bxf3 6.Qxf3 dxe4 7.Qxe4 Nf6 8.Qd3 Nbd7
9.g3 Be7 10.Bg2 O-O 11.O-O Qb6 12.b3 Rad8 13.Bb2 h5 14.Rad1 h4 15.g4 Qc7
16.Ne2 b5 17.a3 Nd5 18.c4 bxc4 19.bxc4 N5b6 20.Qc2 Bf6 21.Bc1 g6 22.Nc3 c5
23.d5 exd5 24.cxd5 Rde8 25.Ne4 Bg7 26.d6 Qb8 27.Bg5 Re6 28.Bxh4 f5 29.Nxc5 Qc8
30.Rc1 Qxc5 31.Qa2 Qe5 32.Rfe1 Kf7 33.Rxe5 Bxe5 34.Be7 Rh8 35.Rc7 fxg4 36.hxg4 g5
37.Bd5 Nxd5 38.Qxd5  1-0

[Event "TCh-CAT Div Hon 2013"]
[Site "Catalonia ESP"]
[Date "2013.02.09"]
[Round "4.1"]
[White "Narciso Dublan,M"]
[Black "Vallejo Pons,F"]
[Result "1/2-1/2"]
[WhiteElo "2549"]
[BlackElo "2694"]

1.d4 Nf6 2.c4 e6 3.Nc3 Bb4 4.Qc2 b6 5.e4 c5 6.e5 cxd4 7.a3 Bxc3+ 8.bxc3 Ng8
9.cxd4 Bb7 10.h4 Ne7 11.Bb2 Nbc6 12.Nf3 Rc8 13.Nd2 Nf5 14.d5 Nce7 15.d6 Ng6
16.h5 Nf4 17.Rh2 Qg5 18.g3 Nxh5 19.Be2 Nhxg3 20.fxg3 Qxg3+ 21.Rf2 Ne3 22.Qc3 Ng2+
23.Kf1 Ne3+ 24.Ke1 Ng2+ 25.Kf1 Ne3+  1/2-1/2

[Event "Bundesliga 2012-13"]
[Site "Trier GER"]
[Date "2013.02.24"]
[Round "10"]
[White "Jussupow,Ar"]
[Black "Vallejo Pons,F"]
[Result "1/2-1/2"]
[WhiteElo "2608"]
[BlackElo "2700"]

1.d4 e6 2.c4 Nf6 3.Nc3 Bb4 4.e3 b6 5.Ne2 c5 6.a3 Ba5 7.Bd2 O-O 8.d5 exd5
9.cxd5 d6 10.Ng3 Bb7 11.e4 Re8 12.Bb5 Nbd7 13.O-O Bxc3 14.Bxc3 Nxe4 15.Nf5 Nxc3
16.bxc3 Re5 17.Qg4 g6 18.Bxd7 h5 19.Qh3 gxf5 20.Bc6 Bxc6 21.dxc6 f4 22.Rae1 Rc8
23.Rxe5 dxe5 24.Qxh5 Rxc6 25.Qxe5 Qf6 26.Qe4 Re6 27.Qf3 Qe5 28.g3 Kg7 29.Rd1 Qe2
30.Kg2 Re4 31.Qxe2  1/2-1/2

[Event "FIDE World Blitz 2013"]
[Site "Khanty-Mansiysk RUS"]
[Date "2013.06.09"]
[Round "1.30"]
[White "Vallejo Pons,F"]
[Black "Sibriaev,A"]
[Result "1/2-1/2"]
[WhiteElo "2706"]
[BlackElo "2239"]

1.e4 c5 2.Ne2 Nc6 3.Nbc3 d6 4.d4 cxd4 5.Nxd4 Nf6 6.Be3 e6 7.Qd2 Be7 8.O-O-O a6
9.f3 Bd7 10.Kb1 b5 11.g4 O-O 12.g5 Rc8 13.Nxc6 Bxc6 14.Rg1 b4 15.Ne2  1/2-1/2

[Event "FIDE World Blitz 2013"]
[Site "Khanty-Mansiysk RUS"]
[Date "2013.06.09"]
[Round "3.10"]
[White "Cheparinov,I"]
[Black "Vallejo Pons,F"]
[Result "1/2-1/2"]
[WhiteElo "2678"]
[BlackElo "2706"]

1.d4 Nf6 2.c4 e6 3.Nf3 b6 4.g3 Bb7 5.Bg2 c5 6.d5 exd5 7.Ng5 h6 8.Nh3 Qc8
9.cxd5 d6 10.Nc3 Be7 11.O-O O-O 12.e4 Nbd7 13.f4 Re8 14.g4 Nh7 15.Kh1 Ba6
16.Re1 Bh4 17.Rg1 Bf6 18.Be3 Bxc3 19.bxc3 Ndf6 20.Nf2 Bc4 21.Bd2 Qa6 22.Qf3 Be2
23.Qg3 Qc4 24.e5 dxe5 25.fxe5 Nxd5 26.Rae1 Rad8 27.Ne4 Qd3 28.Qxd3 Bxd3 29.Nd6 Nc7
30.Nxe8 Rxe8 31.Bf4 Nf8 32.Rd1 c4 33.Bf1 Be4+ 34.Bg2 Bd3 35.Bf1 Be4+ 36.Bg2 Bd3
37.Bf1 Be4+ 38.Bg2 Bd3 39.Bf1 Be4+ 40.Bg2 Bd3  1/2-1/2

[Event "FIDE World Blitz 2013"]
[Site "Khanty-Mansiysk RUS"]
[Date "2013.06.09"]
[Round "4.10"]
[White "Vallejo Pons,F"]
[Black "Cheparinov,I"]
[Result "1/2-1/2"]
[WhiteElo "2706"]
[BlackElo "2678"]

1.e4 c5 2.Nc3 Nc6 3.Nf3 e5 4.Bc4 Be7 5.d3 d6 6.O-O Nf6 7.h3 O-O 8.a3 Be6
9.Bg5 Nd7 10.Be3 Nb6 11.b3 Nd4 12.Nd2 Nxc4 13.bxc4 f5 14.Bxd4 cxd4 15.Nd5 fxe4
16.Nxe7+ Qxe7 17.Nxe4 h6 18.Re1 Rf7 19.Qd2 Bf5 20.Ng3 Bd7 21.f4 Qh4 22.Ne4 Bc6
23.c5 Bxe4 24.Rxe4 Rxf4 25.Rxf4 Qxf4 26.Qxf4 exf4 27.cxd6 Rd8 28.Rf1 g5 29.g3 fxg3
30.Rf6 Kg7 31.Re6 h5 32.Kg2 h4 33.Re5 Rxd6 34.Rxg5+ Rg6 35.Rd5 Rc6 36.Rxd4 Rxc2+
37.Kf3 Rf2+ 38.Ke3 Ra2 39.Rxh4 Rxa3 40.Rg4+ Kf6 41.Rxg3 b5 42.h4 Ra1 43.Rg8 a5
44.Rb8 b4 45.Rb5 Ra3 46.h5 b3 47.h6 Kg6 48.Rb6+ Kh7 49.Kf4 a4 50.Kg5 Ra1
51.Rb7+ Kg8 52.d4 Rg1+ 53.Kf6 Rf1+ 54.Kg6 Rg1+ 55.Kf6 Rf1+ 56.Kg6 Rg1+  1/2-1/2

[Event "FIDE World Blitz 2013"]
[Site "Khanty-Mansiysk RUS"]
[Date "2013.06.09"]
[Round "6.8"]
[White "Vallejo Pons,F"]
[Black "Vitiugov,N"]
[Result "1/2-1/2"]
[WhiteElo "2706"]
[BlackElo "2734"]

1.Nf3 d5 2.d4 Nf6 3.c4 c6 4.e3 Bg4 5.h3 Bh5 6.Nc3 e6 7.g4 Bg6 8.Ne5 Nbd7
9.Nxg6 hxg6 10.Bd2 Be7 11.Qe2 Nb6 12.b3 a5 13.Bg2 g5 14.O-O O-O 15.a3 Nbd7
16.Rfd1 Re8 17.e4 dxe4 18.Bxg5 Qc7 19.Be3 g6 20.Nxe4 Nxe4 21.Bxe4 Rad8 22.Kg2 Nf6
23.Qc2 Bf8 24.Bf3 Bg7 25.b4 axb4 26.axb4 e5 27.dxe5 Qxe5 28.Rxd8 Rxd8 29.Rd1 Re8
30.Qd2 Qe6 31.Qd3 Ne4 32.Bxe4 Qxe4+ 33.Qxe4 Rxe4 34.Rc1 b5 35.cxb5 cxb5 36.Bc5 Bb2
37.Rc2 Ba3 38.Kf3 f5 39.Re2 Bxb4 40.Bxb4 Rxb4 41.Re6 fxg4+ 42.hxg4 Kf7 43.Rb6 g5
44.Kg3 Kg7 45.f3  1/2-1/2

[Event "FIDE World Blitz 2013"]
[Site "Khanty-Mansiysk RUS"]
[Date "2013.06.09"]
[Round "7.15"]
[White "Vallejo Pons,F"]
[Black "Grischuk,A"]
[Result "0-1"]
[WhiteElo "2706"]
[BlackElo "2779"]

1.e4 c5 2.Nf3 Nc6 3.Nc3 g6 4.Bb5 Nd4 5.Nxd4 cxd4 6.Ne2 Bg7 7.c3 dxc3 8.bxc3 Nf6
9.e5 Nd5 10.d4 O-O 11.Qb3 Nc7 12.Bd3 d6 13.exd6 Qxd6 14.O-O b6 15.Bf4 e5
16.Bg3 Bb7 17.c4 Ne6 18.Rfd1 Rad8 19.Bc2 Rfe8 20.Qa4 Qb8 21.Rab1 Qa8 22.d5 Nc5
23.Qa3 Bc8 24.Nc3 Bd7 25.Ne4 Nxe4 26.Bxe4 Rc8 27.Bd3 Rc5 28.f3 Ra5 29.Qd6 Qc8
30.Re1 Bf8 31.Qf6 Be7 32.Qxe5 Bc5+ 33.Kh1  0-1

[Event "FIDE World Blitz 2013"]
[Site "Khanty-Mansiysk RUS"]
[Date "2013.06.09"]
[Round "8.15"]
[White "Grischuk,A"]
[Black "Vallejo Pons,F"]
[Result "1-0"]
[WhiteElo "2779"]
[BlackElo "2706"]

1.Nf3 Nf6 2.g3 d5 3.Bg2 c6 4.O-O Bf5 5.c4 e6 6.cxd5 exd5 7.d3 Be7 8.Qb3 Qb6
9.Qc2 O-O 10.Nc3 h6 11.e4 Bh7 12.Be3 Qd8 13.h3 Na6 14.Rad1 Re8 15.Qb3 Bb4
16.e5 Nd7 17.a3 Bxc3 18.Qxc3 Nc7 19.d4 Ne6 20.Nd2 Rc8 21.b4 Nxe5 22.dxe5 d4
23.Bxd4 Qxd4 24.Qxd4 Nxd4 25.Nc4 Ne2+ 26.Kh2 Re7 27.Rd2 Nc3 28.Rc1 Na4 29.f4 Nb6
30.Na5 a6 31.Rcd1 Bf5 32.Rd8+ Kh7 33.g4 Be6 34.Be4+ g6 35.f5 Bd5 36.Rxc8 Nxc8
37.Bxd5 cxd5 38.Rxd5 gxf5 39.gxf5 Nb6 40.Rd6 Na4 41.e6 fxe6 42.Rxe6 Rf7 43.Re5 Nb2
44.Nb3 Nc4 45.Rc5 Nxa3 46.Nd4 Rd7 47.Ne6 Rd2+ 48.Kg3 Nb5 49.Kf4 Rf2+ 50.Ke5 h5
51.Rd5 Kh6 52.Kf6 Nc3 53.Rd8 Ne4+ 54.Ke5 Ng5 55.Rh8+ Nh7 56.h4 Re2+ 57.Kf4 Rf2+
58.Ke4 Rh2 59.Ke5 Rxh4 60.f6 Rh1 61.f7 Re1+ 62.Kd6 Kg6 63.Rxh7  1-0